Highest Percentage of Worlds Population A-Z - Statistics

General Stats
  • This quiz has been taken 43 times
  • The average score is 22 of 24
Answer Stats
% Letter Answer % Correct
17.9 C China
100%
17.5 I India
100%
2.71 B Brazil
97%
0.85 F France
97%
0.58 A Argentina
95%
1.60 J Japan
95%
0.03 Q Qatar
95%
1.24 V Vietnam
95%
0.38 Y Yemen
95%
1.06 G Germany
92%
0.05 O Oman
92%
1.86 R Russia
92%
4.22 U USA
92%
0.23 Z Zambia
92%
1.50 E Ethiopia
89%
2.87 P Pakistan
89%
0.14 H Haiti
87%
0.60 K Kenya
87%
1.06 T Turkey
87%
2.69 N Nigeria
84%
1.60 M Mexico
82%
0.75 S South Africa
79%
0.09 L Laos
74%
1.18 D DRC
71%
No matching quizzes found
Score Distribution
Percent of People with Each Score
Percentile by Number Answered
Your Score History
You have not taken this quiz